Catalog

Record Details

Catalog Search



Crisis of Confidence :  Reclaiming the Historic Faith in a Culture Consumed with Individualism and Identity /  Carl R. Trueman Cover Image Book Book

Crisis of Confidence :  Reclaiming the Historic Faith in a Culture Consumed with Individualism and Identity /  Carl R. Trueman

Trueman, Carl R. (Author).

Record details

  • ISBN: 978-1-4335-9002-3
  • Physical Description: 192 s.
  • Edition: First printing
  • Publisher: Wheaton, Illinois :  Crossway ,  2024

Available copies

  • 1 of 1 copy available at Common Catalog SPOK.

Holds

  • 0 current holds with 1 total copy.
Show Only Available Copies
Location Call Number / Copy Notes Barcode Shelving Location Status Due Date
ETS Library 158.1 424470020754 Volný výběr Available -

LDR nam a22 i 4500
00158028
003CZ-PrJAB
00520241023121429.0
007ta
008241023s2024 us e 000 0 eng
020 . ‡a978-1-4335-9002-3
040 . ‡aABG450 ‡bcze ‡erda
08214. ‡a270.1
1001 . ‡aTrueman, Carl R. ‡4aut
24510. ‡aCrisis of Confidence :  ‡bReclaiming the Historic Faith in a Culture Consumed with Individualism and Identity /  ‡nCarl R. Trueman
250 . ‡aFirst printing
264 1. ‡aWheaton, Illinois :  ‡bCrossway ,  ‡c2024
300 . ‡a192 s.
336 . ‡atext ‡btxt ‡2rdacontent
338 . ‡asvazek ‡bnc ‡2rdacarrier
910 . ‡aABG450
901 . ‡a58028 ‡bAUTOGEN ‡c58028 ‡tbiblio

Additional Resources